Teoria y Problemas de Economia Internacional / Dominick Salvatore (Registro nro. 21461)
[ vista simple ]
| 000 -LÍDER | |
|---|---|
| fixed length control field | 00427nam a2200145 4500 |
| 008 - ELEMENTOS DE LONGITUD FIJA -- INFORMACIÓN GENERAL | |
| fixed length control field | 0 1975 0a 000 0MEX |
| 020 ## - NÚMERO INTERNACIONAL NORMALIZADO PARA LIBROS | |
| ISBN | 968-451-197-3 |
| 082 ## - NUMERO DE CLASIFICACION DECIMAL DEWEY | |
| Número de Clasificación | 338.88 S719t |
| 100 ## - ASIENTO PRINCIPAL--NOMBRE PERSONAL | |
| Nombre personal | Salvatore, Dominick |
| 245 ## - TÍTULO | |
| Título | Teoria y Problemas de Economia Internacional / Dominick Salvatore |
| 260 ## - PUBLICACIÓN, DISTRIBUCIÓN, ETC. (PIE DE IMPRENTA) | |
| Lugar de publicación, distribución, etc. | México : McGRAW-HILL |
| 300 ## - DESCRIPCIÓN FÍSICA | |
| Extensión | 190p. / 26.5 cm. |
| 650 ## - ASIENTO SECUNDARIO DE MATERIA - TERMINO TEMÁTICO | |
| Término temático o nombre geográfico como elemento de entrada | 1.ECONOMIA |
| 700 ## - ASIENTO SECUNDARIO - NOMBRE PERSONAL | |
| Nombre personal | Calvo, Haroldo. Trad. |
| No. biblioteca | No. biblioteca | Número de clasificación | Código de barras/Número de adquisición | Número de copia | Tipo de material |
|---|---|---|---|---|---|
| LUIS G. INCLAN | LUIS G. INCLAN | 338.88 S719t | 9139 | 8 | Libros |
| LUIS G. INCLAN | LUIS G. INCLAN | 338.88 S719t | 2180 | 4 | Libros |
| LUIS G. INCLAN | LUIS G. INCLAN | 338.88 S719t | 23446 | 3 | Libros |
| LUIS G. INCLAN | LUIS G. INCLAN | 338.88 S719t | 9138 | 7 | Libros |
| LUIS G. INCLAN | LUIS G. INCLAN | 338.88 S719t | 9140 | 9 | Libros |
| LUIS G. INCLAN | LUIS G. INCLAN | 338.88 S719t | 2345 | 2 | Libros |
